000 00346cam a2200145ua 4500
041 _aeng
_h
082 _a823.308
_bTRO/BA
100 _aTrollope, Antheny .
245 _aBarchesten Towers /
_cAntheny Trollope.
_hTextual Documents
260 _a :
_bLongmans ,
_c1963.
300 _a135 ; .
504 _a
942 _cBK
999 _c3465
_d3465